000 00506nam a22001817a 4500
008 150601b xxu||||| |||| 00| 0 eng d
020 _a0256019002
041 0 _aeng
080 _a338
100 1 _aLesikar, Raymond Vincent.
245 1 0 _aReport writing for business /
_cRaymond V. Lesikar.
250 _a5th ed.
260 _aHomewood, Ill. :
_bR. D. Irwin,
_c1977.
300 _a395 f. :
_bme il.;
_c24 cm.
505 _aIndex: f.389-395
650 0 _aRaportimet e shkrimit në biznes
942 _2udc
_cBK
999 _c933
_d933